000 00315nam a22001337a 4500
008 181221b xxu||||| |||| 00| 0 eng d
020 _a0880640111
041 _aeng
080 _a321
100 _a19
101 _aSHP
245 _aKarl and Rosa. November 1918: A German Revolution
_cDoblin, A
942 _2udc
_cBK
999 _c53610
_d53610